Cities mentioned in lyrics - Statistics

General Stats
  • This quiz has been taken 30 times
    21 since last reset
  • The average score is 9 of 36
Answer Stats
Hint Answer % Correct
At the ___, _____ / The hottest spot north of Havana Copacabana
57%
The Beatles
57%
Jojo left his home in Tucson, Arizona / For some California grass Get Back
52%
Jennifer Lopez
52%
If I can make it there, I'll make it anywhere / It's up to you, ___ ____, ___ ____ New York, New York
52%
Engines stop running, but I have no fear / 'Cause London is drowning / I live by the river London Calling
43%
Pumped a lot of pane down in New Orleans / But I never saw the good side of the city / 'Til I hitched a ride on a river boat queen Proud Mary
43%
Barry Manilow
38%
Creedence Clearwater Revival
38%
Mark Ronson
38%
Brazil, Morocco / London to Ibiza / Straight to L.A., New York / Vegas to Africa On the Floor
38%
Most people looked at him with terror and with fear / But to Moscow chicks he was such a lovely dear Rasputin
38%
The Clash
38%
ABBA
33%
Boney M.
33%
Julio, get the stretch / Ride to Harlem, Hollywood / Jackson, Mississippi / If we show up, we gon' show out Uptown Funk
33%
You're gonna kick off before you even / Get halfway through / When will you realize, _______ waits for you Vienna
33%
Billy Joel
29%
I was sick and tired of everything / When you called last night from Glasgow Super Trouper
29%
Billy Idol
19%
On the floors of Tokyo / A-down in London town's a go go / A-with the record selection / And the mirror's reflection Dancing with Myself
19%
Well it goes to St. Louis / Down to Missouri / Oklahoma City looks oh so pretty (Get Your Kicks on) Route 66
14%
Chuck Berry
10%
Liza Minnelli
10%
The King Cole Trio
10%
_________, it was the first time that we met / _________, how can I forget? / The moment that you stepped into the room you took my breath away Barcelona
5%
Freddie Mercury and Montserrat Caballé
5%
I'm going to ______ ____ / ______ ____ , here I come Kansas City
5%
Katy Perry
5%
Motor sensational, Paris or maybe hell (I'm waiting) / Clutches of sad remains / Waits for _______ ____ you'll make it Aladdin Sane
0%
Bruce Springsteen
0%
Just like I love L.A. / Venice Beach / And Palm Springs / Summertime is everything California Gurls
0%
David Bowie
0%
Little Willie Littlefield
0%
Long distance information, give me ________ __________ / Help me find a party that tried to get in touch with me Memphis Tennessee
0%
Oh brother are you gonna leave me wastin' away / On the _______ __ _____________? Streets of Philadelphia
0%
No matching quizzes found
Score Distribution
Percent of People with Each Score
Percentile by Number Answered
Your Score History
You have not taken this quiz since the last reset